|
|
|
|
| LEADER |
01618nam a2200349 a 4500 |
| 001 |
29496 |
| 003 |
BD-DhAAL |
| 005 |
20150801114520.0 |
| 008 |
150801s1996 nju 000 0 eng |
| 010 |
|
|
|a 96006448
|
| 020 |
|
|
|a 0691032939 (cl : alk. paper)
|
| 020 |
|
|
|a 0691000433 (pb : alk. paper)
|
| 040 |
|
|
|a DLC
|c DLC
|d DLC
|d BD-DhAAL
|
| 043 |
|
|
|a a-ii---
|
| 050 |
0 |
0 |
|a DS436
|b .C65 1996
|
| 082 |
0 |
0 |
|a 954
|2 20
|
| 100 |
1 |
|
|a Cohn, Bernard S.,
|d 1928-2003.
|9 13390
|
| 245 |
1 |
0 |
|a Colonialism and its forms of knowledge :
|b the British in India /
|c Bernard S. Cohn.
|
| 260 |
|
|
|a Princeton, N.J. :
|b Princeton University Press,
|c 1996.
|
| 300 |
|
|
|a xvii, 189 p. ;
|c 24 cm.
|
| 490 |
|
0 |
|a Princeton studies in culture/power/history
|
| 504 |
|
|
|a Includes bibliographical references (p. [163]-180) and index.
|
| 541 |
|
|
|e 29496
|
| 651 |
|
0 |
|a India
|x History
|y British occupation, 1765-1947.
|9 13391
|
| 651 |
|
0 |
|a India
|x Civilization
|x British influences.
|9 13392
|
| 651 |
|
0 |
|a India
|x Politics and government
|y 1765-1947.
|9 9963
|
| 856 |
4 |
1 |
|3 Table of contents
|u http://www.loc.gov/catdir/toc/prin031/96006448.html
|
| 856 |
4 |
2 |
|3 Publisher description
|u http://www.loc.gov/catdir/description/prin021/96006448.html
|
| 942 |
|
|
|2 ddc
|c BK
|
| 999 |
|
|
|c 35113
|d 35113
|
| 952 |
|
|
|0 0
|1 0
|2 ddc
|4 0
|6 954_000000000000000_COH
|7 0
|9 55052
|a BRACUL
|b BRACUL
|c GEN
|d 2015-08-01
|e Karim International
|l 1
|m 3
|o 954 COH
|p 3010029496
|r 2016-05-30
|s 2016-05-09
|t 1
|w 2015-08-01
|y BK
|
| 952 |
|
|
|0 0
|1 0
|2 ddc
|4 0
|6 954_000000000000000_COH
|7 0
|9 55053
|a BRACUL
|b BRACUL
|c GEN
|d 2015-08-01
|e Karim International
|l 1
|o 954 COH
|p 3010029497
|r 2023-01-03
|s 2022-12-24
|t 2
|w 2015-08-01
|y BK
|